00508nam a22001697a 450000500170000001000150001702000260003202000230005803500130008103700130009408200110010710000180011824500630013626000370019927000800023630000220031620100820160845.0 aENG-101029 a9789380060361c100.00 a938006036Xc100.00 aEN-84562 bDBAD/PUB a338.04 aRajendran, B. aBusiness enviroment and entrepreneurship /cby B.Rajendran aSalembM.S.K. Publicationsc2009 a3/189-E, Athanoor Amman Kovil Street, Masinayaganpatti- PostbSaleme636103 a232p.c20cm (pbk)